V akci Interbrig II. /
Kniha V akci Interbrig II. pokračuje v popisu událostí po „Sametové revoluci“. Zavádí nás do doby, ve které nedošlo k očekávané mravní očistě společnosti a kdy pokračuje divoká privatizace.
Uloženo v:
| Hlavní autor: | |
|---|---|
| Médium: | E-kniha |
| Jazyk: | Czech |
| Vydáno: |
Praha :
Jiljí Kocian,
2017
|
| Tagy: |
Žádné tagy |
| LEADER | 01100nam a22002297i 4500 | ||
|---|---|---|---|
| 001 | 310835 | ||
| 007 | ta | ||
| 008 | 260601s2017 xr ||||| |||| 00| 0 cze d | ||
| 020 | |a 9990001761264 | ||
| 044 | |a xr | ||
| 100 | 1 | |a Kocian, Jiljí |4 aut | |
| 245 | 1 | 0 | |a V akci Interbrig II. / |c Kocian, Jiljí |
| 264 | 1 | |a Praha : |b Jiljí Kocian, |c 2017 | |
| 300 | |a 1 online zdroj (77 stran) | ||
| 336 | |a text |b txt |2 rdacontent | ||
| 337 | |a bez média |b n |2 rdamedia | ||
| 338 | |a online zdroj |b cr |2 rdacarrier | ||
| 520 | 2 | |a Kniha V akci Interbrig II. pokračuje v popisu událostí po „Sametové revoluci“. Zavádí nás do doby, ve které nedošlo k očekávané mravní očistě společnosti a kdy pokračuje divoká privatizace. | |
| 910 | |a RBIT002 | ||
| 998 | |d 176126 |a https://core.palmknihy.cz/api/books/176126/cover?pgdvy0 |b https://core.palmknihy.cz/api/books/176126/cover/400?pgdvy0 |c https://core.palmknihy.cz/api/books/176126/cover/50?pgdvy0 |e |g 77 |i 9990001761264 |k https://core.palmknihy.cz/api/books/176126/preview.pdf |l |q 49 |r 1 |s https://www.palmknihy.cz/kniha/176126 |t ebook |y 2017 |z 1 | ||
| 999 | |d 310833 | ||